| 000 | 00000nas##2200000za#4500 |
| 001 | 9.507644 |
| 003 | CaOODSP |
| 005 | 20210305151627 |
| 007 | cr ||||||||||| |
| 008 | 150406c2001||||xxc|| p o||||f| |0eng|d |
| 040 | |aCaOODSP|beng |
| 043 | |an-cn--- |
| 086 | 1 |aY9-12E-PDF |
| 110 | 1 |aCanada. |bParliament. |bSenate. |
| 245 | 14|aThe Senate report / |h[electronic resource]|ceditor: Diane Boucher. |
| 260 | |aOttawa - Ontario : |bSenate |cc2001-[2004]. |
| 310 | |aQuarterly |
| 362 | 1 |aVol. 1, issue 1 (Jan. 2001) - [Vol. 3, issue 1 (Summer 2004] |
| 500 | |aCeased with Vol. 3, issue 1 (Summer 2004)? |
| 690 | 07|aPeriodicals|2gcpds |
| 690 | 07|aSenate|2gcpds |
| 775 | 08|tRapport du Sénat / |w(CaOODSP)9.504029 |
| 776 | 0#|tThe Senate report |w(CaOODSP)9.508874 |
| 776 | 0#|tRapport du Sénat |w(CaOODSP)9.508875 |